000 00820nam a2200241 i 4500
001 66083
003 ES-MaACL
005 20250729062622.0
007 t|
008 040127s1974 sp ||||1| spa d
020 _a84-254-0943-8
080 _a32(02)
100 1 _aGablentz, Otto Heinrich von der.
_953141
245 1 0 _aIntroducción a la ciencia política /
_cOtto Heinrich von der Gablentz ; [versión de Víctor Bazterrica].
260 _aBarcelona :
_bHerder,
_c1974.
300 _a509 p. ;
_c22 cm.
490 1 _aBiblioteca Herder. Sección de ciencias sociales ;
_v142
650 7 _aPolítica
_2embne
_9140345
700 1 _aBazterrica, Victor.
_926756
830 1 _aBiblioteca Herder. Sección de ciencias sociales ;
_v142
_9184170
852 _aES-MaACL
_jE-6297
_bR.90528
999 _c66083
_d66083